000
00317nam a22001337a 4500
020
_a
978-1-84901-379-6
082
_a
823
_b
BRE/B
100
_a
BRETT, SIMON
245
_a
BLOTTO, TWINKS AND THE EX-KING'S DAUGHTER
260
_a
LONDON
_b
ROBINSON
_c
2009
300
_a
185
650
_a
NOVEL
_z
UNITED KINGDOM
942
_c
BK
999
_c
2818
_d
2818